000 01603nam0a22003011 4500
001 rc\3804207
005 20120311164643.7
021 _aRU
_b[75-91211]
035 _a(NLR Aleph) 007257163
090 _a5268015
_c5268015
100 _a20120311d1975 |||y0rusy50 ca
101 0 _arus
102 _aRU
105 _ay z |||||
200 1 _aКомплексная программа автоматизированной оценки транспортных расходов
_f[Принимали участие Эпельцвейг Г.Я., Белиловская Л.В., Куслицкая Л.С., Сербина А.П.]
_gЦентр. науч.-исслед. и проектно-эксперим. ин-т автоматизир. систем в стр-ве
210 _aМосква
_cЦНИПИАСС
_d1975
215 _a72 с.
_d20
225 1 _aФонд алгоритмов и программ для ЭВМ (в отрасли "Строительство")
_iАвтоматизированное проектирование "АСПОС"
_v[Вып.] 6 33
606 _aСтроительные материалы
_xПеревозки
_xТехнико-экономические расчеты на вычислительных машинах
_2psbo
702 1 _aКуслицкая
_bЛ. С.
_4570
702 1 _aСербина
_bА. П.
_4570
702 1 _aБелиловская
_bЛ. В.
_4570
702 1 _aЭпельцвейг
_bГ. Я.
_gГарри Яковлевич
_4570
801 0 _aRU
_bNLR
_gpsbo
801 1 _aRU
_bELAR
_2rusmarc
852 _aNLR
_j65-4/6081-6-33
942 _cBOOK
980 _aNB